Black Clover - Mort subite - Statistiques

Statistiques générales
  • Ce quiz a été pris 591 fois
  • Le résultat moyen est 8 sur 20
Answers on the Grid
Answers color-coded by a green-red scale on the quiz's grid according to % correct below.
Klaus
Gon Freecss
Asta
Mimosa Vermillon
Doma
Charlotte
Yuno Gasai
Sekke
Zora
Fana
Langris Vaude
Kahono
Hansi
Kinro
Lotus Whomalt
Lily
Dorothy Unsworth
Aira Shiratori
Noelle Silva
Luck Voltia
Marx Francois
Kaede Azusagawa
Mami Nanami
Charmy
Mereoleona
Vanessa
Ultimatia
Yami Sukehiro
Tsuyu
Julius Nova Chrono
 
Statistiques - réponses
Réponse % Correct
Asta
89%
Mimosa Vermillon
83%
Klaus
72%
Charlotte
59%
Sekke
42%
Zora
41%
Julius Nova Chrono
38%
Noelle Silva
37%
Charmy
35%
Langris Vaude
35%
Luck Voltia
34%
Yami Sukehiro
34%
Mereoleona
33%
Vanessa
33%
Dorothy Unsworth
29%
Fana
29%
Marx Francois
23%
Kahono
22%
Lily
19%
Lotus Whomalt
17%
Aucun quiz correspondant
Distribution des résultats
% des personnes avec chaque résultat
Percentile par nombre de réponses
Votre historique - résultats
Vous n’avez pas pris ce quiz